| 000 | 00831nam a22001937a 4500 | ||
|---|---|---|---|
| 999 |
_c46160 _d46160 |
||
| 005 | 20170901125417.0 | ||
| 008 | 170901b2011 mx ||||| |||| 00| 0bspa d | ||
| 020 | _a9786070044861 | ||
| 050 | 0 | 4 |
_aHC59.7 _bC36 2011 |
| 110 | 2 | _aMéxico. Cámara de Diputados | |
| 245 | 1 | 0 |
_aBrics : _bEl difícil camino entre el escepticismo y el asombro / _cCámara de Diputados ; Coordinador [por] Arturo Oropeza García. |
| 250 | _aPrimera edición | ||
| 260 |
_aMéxico : _bLXI Legislatura Cámara de Diputados, UNAM, Instituto de Investigaciones Jurídicas, _cc2011 |
||
| 300 |
_a702 páginas : _bil. ; _c24 cm. |
||
| 650 | 7 |
_2Lemb _aRelaciones económicas internacionales |
|
| 650 | 7 |
_2Lemb _aPaises BRIC _xCondiciones económicas siglo XXI |
|
| 650 | 7 |
_2Lemb _aPaíses en desarrollo _xCondiciones económicas siglo XXI |
|
| 700 | 1 |
_aOropeza García, Arturo, _ecoord. |
|
| 942 |
_2lcc _cLIB |
||